000 00706nam a2200205 u 4500
001 000768503
003 AM-YeHGA
005 20250617143827.0
008 101027s1984 ru r 000 0 rus d
040 _aAM-YeHGA
041 0 _arus
100 1 _aФедоренко, Петр Петрович
245 1 0 _aЛепта :
_bПовесть о художнике Александре Иванове /
_cПетр Федоренко.
260 _aМосква :
_bСовременник,
_c1984.
300 _a253 с.
440 0 _aНовинки "Современника"
600 1 4 _aИванов, Александр Иванович
650 1 4 _aРусская живопись
090 _c283919
999 _c282262
_d282262